K-theory /
Guardado en:
| Autor Principal: | |
|---|---|
| Otros Autores: | |
| Formato: | Libro |
| Idioma: | English |
| Publicado: |
New York :
W. A. Benjamin,
1967.
|
| Materias: | |
| Etiquetas: |
Agregar Etiqueta
Sin Etiquetas, Sea el primero en etiquetar este registro!
|
| LEADER | 01013nam a22002531a 4500 | ||
|---|---|---|---|
| 001 | MAT.inmabb005364 | ||
| 008 | 731207s1967####nyua#####b####000#0aeng## | ||
| 005 | 20150317142433.0 | ||
| 245 | 1 | 0 | |a K-theory / |c lectures by M. F. Atiyah ; notes by D. W. Anderson. |
| 260 | |a New York : |b W. A. Benjamin, |c 1967. | ||
| 300 | |a 166, [50] p. : |b il. ; |c 24 cm. | ||
| 500 | |a "Fall, 1964". | ||
| 500 | |a Al final incluye reimpresiones de los trabajos del autor "Power operations in K-theory" y "K-theory and reality", publicados originalmente en Quart. J. Math. | ||
| 504 | |a Incluye referencias bibliográficas. | ||
| 510 | 4 | |a MR, |c 36 #7130 | |
| 100 | 1 | |a Atiyah, Michael Francis, |d 1929- | |
| 700 | 1 | |a Anderson, D. W. | |
| 700 | 1 | 2 | |a Atiyah, Michael Francis, |d 1929- |t Power operations in K-theory. |
| 700 | 1 | 2 | |a Atiyah, Michael Francis, |d 1929- |t K-theory and reality. |
| 650 | 0 | |a K-theory. | |
| 084 | |a 18F25 (19-01 55R50 57-02) |2 MR | ||
| 010 | |a 67031266 | ||
| 040 | |a DLC |c DLC |d DLC | ||
| 859 | |h 18 |i At872 |p A-3892 |b BIB. MATEMATICA | ||
